<?xml version="1.0" encoding="UTF-8"?>
<collection xmlns="http://www.loc.gov/MARC21/slim">
 <record>
  <leader>02265aam a22003018a 4500</leader>
  <controlfield tag="001">NCT_17048</controlfield>
  <controlfield tag="008">151021s2015                  ||||||viesd</controlfield>
  <datafield tag="999" ind1=" " ind2=" ">
   <subfield code="c">802</subfield>
   <subfield code="d">802</subfield>
  </datafield>
  <datafield tag="020" ind1=" " ind2=" ">
   <subfield code="a">9786046501145</subfield>
   <subfield code="c">89000</subfield>
  </datafield>
  <datafield tag="082" ind1="0" ind2="4">
   <subfield code="2">23rd ed.</subfield>
   <subfield code="a">659.2</subfield>
   <subfield code="b">H116</subfield>
  </datafield>
  <datafield tag="100" ind1="1" ind2=" ">
   <subfield code="a">Đinh Thị Thuý Hằng</subfield>
   <subfield code="e">Chủ biên</subfield>
  </datafield>
  <datafield tag="245" ind1="1" ind2="0">
   <subfield code="a">PR lý luận &amp; ứng dụng :</subfield>
   <subfield code="b">Chiến lược PR chính phủ, doanh nghiệp và tổ chức phi chính phủ</subfield>
   <subfield code="c">Đinh Thị Thuý Hằng (chủ biên)</subfield>
  </datafield>
  <datafield tag="260" ind1=" " ind2=" ">
   <subfield code="a">H.</subfield>
   <subfield code="b">Lao động- Xã hội ; Công ty Sách Alpha</subfield>
   <subfield code="c">2012</subfield>
  </datafield>
  <datafield tag="300" ind1=" " ind2=" ">
   <subfield code="a">369tr.</subfield>
   <subfield code="b">bảng</subfield>
   <subfield code="c">21cm</subfield>
  </datafield>
  <datafield tag="520" ind1="3" ind2=" ">
   <subfield code="a">Trình bày khát quát về PR; chức năng quản lý của PR; các lĩnh vực PR ứng dụng tiêu biểu: trong chính phủ, doanh nghiệp và các tổ chức phi chính phủ; vai trò, nhiệm vụ và nguyên tắc của PR trong quan hệ với báo chí, PR nội bộ, PR cộng đồng.... Giới thiệu các kỹ năng PR cơ bản: viết, giao tiếp, đàm phán, thuyết trình; một số vấn đề pháp luật liên quan đến hoạt động PR</subfield>
  </datafield>
  <datafield tag="653" ind1=" " ind2=" ">
   <subfield code="a">Quan hệ công chúng (PR)</subfield>
  </datafield>
  <datafield tag="655" ind1=" " ind2=" ">
   <subfield code="a">Quan hệ công chúng (PR)</subfield>
  </datafield>
  <datafield tag="700" ind1="1" ind2=" ">
   <subfield code="a">Vũ Thị Hồng</subfield>
  </datafield>
  <datafield tag="700" ind1="1" ind2=" ">
   <subfield code="a">Trần Thị Hoà</subfield>
  </datafield>
  <datafield tag="700" ind1="1" ind2=" ">
   <subfield code="a">Nguyễn Thị Hồng Nam</subfield>
  </datafield>
  <datafield tag="700" ind1="1" ind2=" ">
   <subfield code="a">Trần Quang Huy</subfield>
  </datafield>
  <datafield tag="942" ind1=" " ind2=" ">
   <subfield code="2">ddc</subfield>
   <subfield code="c">BK</subfield>
  </datafield>
  <datafield tag="952" ind1=" " ind2=" ">
   <subfield code="0">0</subfield>
   <subfield code="1">0</subfield>
   <subfield code="2">ddc</subfield>
   <subfield code="4">0</subfield>
   <subfield code="6">659_200000000000000_H116</subfield>
   <subfield code="7">0</subfield>
   <subfield code="9">3033</subfield>
   <subfield code="a">000001</subfield>
   <subfield code="b">000001</subfield>
   <subfield code="d">2017-11-09</subfield>
   <subfield code="o">659.2 H116</subfield>
   <subfield code="p">MD.07960</subfield>
   <subfield code="r">2017-11-09</subfield>
   <subfield code="v">89000.00</subfield>
   <subfield code="w">2017-11-09</subfield>
   <subfield code="y">BK</subfield>
  </datafield>
  <datafield tag="952" ind1=" " ind2=" ">
   <subfield code="0">0</subfield>
   <subfield code="1">0</subfield>
   <subfield code="2">ddc</subfield>
   <subfield code="4">0</subfield>
   <subfield code="6">659_200000000000000_H116</subfield>
   <subfield code="7">0</subfield>
   <subfield code="9">3034</subfield>
   <subfield code="a">000001</subfield>
   <subfield code="b">000001</subfield>
   <subfield code="d">2017-11-09</subfield>
   <subfield code="l">1</subfield>
   <subfield code="o">659.2 H116</subfield>
   <subfield code="p">MD.07961</subfield>
   <subfield code="r">2020-07-08</subfield>
   <subfield code="s">2020-06-26</subfield>
   <subfield code="v">89000.00</subfield>
   <subfield code="w">2017-11-09</subfield>
   <subfield code="y">BK</subfield>
  </datafield>
  <datafield tag="952" ind1=" " ind2=" ">
   <subfield code="0">0</subfield>
   <subfield code="1">0</subfield>
   <subfield code="2">ddc</subfield>
   <subfield code="4">0</subfield>
   <subfield code="6">659_200000000000000_H116</subfield>
   <subfield code="7">0</subfield>
   <subfield code="9">3035</subfield>
   <subfield code="a">000001</subfield>
   <subfield code="b">000001</subfield>
   <subfield code="d">2017-11-09</subfield>
   <subfield code="o">659.2 H116</subfield>
   <subfield code="p">MD.07962</subfield>
   <subfield code="r">2017-11-09</subfield>
   <subfield code="v">89000.00</subfield>
   <subfield code="w">2017-11-09</subfield>
   <subfield code="y">BK</subfield>
  </datafield>
  <datafield tag="952" ind1=" " ind2=" ">
   <subfield code="0">0</subfield>
   <subfield code="1">0</subfield>
   <subfield code="2">ddc</subfield>
   <subfield code="4">0</subfield>
   <subfield code="6">659_200000000000000_H116</subfield>
   <subfield code="7">0</subfield>
   <subfield code="9">3036</subfield>
   <subfield code="a">000001</subfield>
   <subfield code="b">000001</subfield>
   <subfield code="d">2017-11-09</subfield>
   <subfield code="o">659.2 H116</subfield>
   <subfield code="p">MD.07963</subfield>
   <subfield code="r">2017-11-09</subfield>
   <subfield code="v">89000.00</subfield>
   <subfield code="w">2017-11-09</subfield>
   <subfield code="y">BK</subfield>
  </datafield>
  <datafield tag="952" ind1=" " ind2=" ">
   <subfield code="0">0</subfield>
   <subfield code="1">0</subfield>
   <subfield code="2">ddc</subfield>
   <subfield code="4">0</subfield>
   <subfield code="6">659_200000000000000_H116</subfield>
   <subfield code="7">0</subfield>
   <subfield code="9">3037</subfield>
   <subfield code="a">000001</subfield>
   <subfield code="b">000001</subfield>
   <subfield code="d">2017-11-09</subfield>
   <subfield code="o">659.2 H116</subfield>
   <subfield code="p">MD.07964</subfield>
   <subfield code="r">2017-11-09</subfield>
   <subfield code="v">89000.00</subfield>
   <subfield code="w">2017-11-09</subfield>
   <subfield code="y">BK</subfield>
  </datafield>
  <datafield tag="980" ind1=" " ind2=" ">
   <subfield code="a">Thư viện Trường Đại học Nam Cần Thơ</subfield>
  </datafield>
 </record>
</collection>
